LEADER 01151nam a2200289 u 4500 001 000000028933 003 CaOOAMICUS 005 20070226111846.0 008 961127s1992 it u000 u ita u 020 $a8810505301 035 $a10746685 040 $aMSA$bita 100 1 $aBompiani, Adriano.$0(OLS)http://pul/name/23482 245 10$aBioetica in Italia :$blineamenti e tendenze /$cAdriano Bompiani. 260 $aBologna :$bEdizioni Dehoniane,$c1992. 300 $a407 p. ;$c21 cm 490 1 $aTrattati di etica teologica 504 $aContiene indici e riferimenti bibliografici. 650 4$aBioetica.$0(OLS)http://pul/subject/2868 830 0$aTrattati di etica teologica.$0(OLS)http://pul/title/39534 850 $aPUL 852 $aPUL$W1$xSL Religione 1$y3$m39 C 23$j40137$nBK-PRI$b $qStampati$B40137$CPULBib$Z2$F40137 $H $81 941 1 $a8 961 $aINV: 69203 996 $6020$a8810505301$9(OLS)http://pul/number/36007 996 $6245$aBioetica in Italia :$blineamenti e tendenze$9(OLS)http://pul/title/39533 996 $6260$aBologna :$bEdizioni Dehoniane$9(OLS)http://pul/publisher/48070 LEADER 01346nam a2200301 u 4500 001 000000061732 003 CaOOAMICUS 005 20070226121045.0 008 010912s1979 sp u000 u spa u 020 $a8423949516 035 $a10902535 040 $aPUL(R)$bita 100 1 $aValverde, Carlos.$0(OLS)http://pul/name/37333 245 13$aEl materialismo dialéctico :$b(el pensamiento de Marx y Engels) /$cCarlos Valverde. 260 $aMadrid :$bEspasa-Calpe,$c1979. 300 $a590 p. ;$c23 cm 504 $aBibliografia in nota. 600 14$aMarx, Karl,$d1818-1883$xPensiero politico e sociale.$0(OLS)http://pul/subject/7204 600 14$aEngels, Friedrich,$d1820-1895$xPensiero politico e sociale.$0(OLS)http://pul/subject/23441 650 4$aMaterialismo dialettico.$0(OLS)http://pul/subject/15119 650 4$aMaterialismo storico.$0(OLS)http://pul/subject/7205 850 $aPUL 852 $aPUL$W1$xDP1 Cons. Gen., Altre Classi 1$y22$m45 C 10$j80370$nBK-PRI$b $qStampati$B80370$CPULBib$Z2$F80370 $H $81 941 1 $a8 961 $aINV: 47429 996 $6020$a8423949516$9(OLS)http://pul/number/79998 996 $6245$aEl materialismo dialéctico :$b(el pensamiento de Marx y Engels)$9(OLS)http://pul/title/82409 996 $6260$aMadrid :$bEspasa-Calpe$9(OLS)http://pul/publisher/58927